Explotar el conocimiento (fotocopia) /

Guardado en:
Formato: Libro
Publicado: : , 1989
Materias:
Fc
Etiquetas: Agregar Etiqueta
Sin Etiquetas, Sea el primero en etiquetar este registro!
LEADER 00415nam a22001575a 4500
001 CEM.cems007689
005 20060214000000.0
008 130507s1989##################000#0#####d
003 CEMS
082 0 4 |a F001.6 
245 0 0 |a Explotar el conocimiento (fotocopia) / 
260 |a : ,  |c 1989 
653 |a Computacion 
653 |a Fc 
653 |a Inteligencia artificial 
859 |a CEMS  |b BIB. CEMS - 11 de abril  |h F001.6  |i 7-1  |p 10.44  |t Ej.1